Statistiques concernant They Shoot Pictures, Don't They? - films 961 à 980

Cliquez ici pour prendre le quiz!

Statistiques générales

  • Ce quiz a été pris 28 fois
  • Le résultat moyen est 6 sur 20

Statistiques - réponses

Réponse% Correct
Le Seigneur des anneaux : Le Retour du roi
91%
Le Parrain, 3e partie
74%
Invasion Los Angeles
52%
Le Trou
52%
Ascenseur pour l'échafaud
48%
Le Retour
48%
Vacances romaines
43%
La Corde
39%
Before Sunrise
30%
Journal intime
26%
Anatahan
13%
L'Enfance Nue
13%
The Killer
13%
Berlin, symphonie d'une grande ville
9%
La Dernière Corvée
4%
Qui a peur de Virginia Woolf ?
4%
Samedi soir, dimanche matin
4%
Sang pour sang
4%
Cul-de-sac
0%
La Vallée des plaisirs
0%

Distribution des résultats

Percentile par nombre de réponses

% des personnes avec chaque résultat

Votre développement - résultats

Vous n’avez pas pris ce quiz